Teoría del Actor-Red: más allá de los estudios de ciencia y tecnología
Сохранить в:
| Главные авторы: | , |
|---|---|
| Формат: | |
| Язык: | испанский |
| Опубликовано: |
Barcelona
Amentia
2012
|
| Редактирование: | 1a. ed |
| Предметы: | |
| Метки: |
Добавить метку
Нет меток, Требуется 1-ая метка записи!
|
MARC
| LEADER | 00000cam a2200000 a 4500 | ||
|---|---|---|---|
| 001 | UCB0135 | ||
| 003 | CL-VaPUC | ||
| 005 | 20210402001734.0 | ||
| 008 | 191213e20120000sp spa d | ||
| 020 | |a 9788493831882 | ||
| 082 | 0 | 4 | |a 501 |b TIR |2 21 |
| 100 | 1 | |a Tirado Serrano, Francisco |e author |9 605451 | |
| 700 | 1 | |a López Gómez, Daniel |e author |9 605452 | |
| 245 | 1 | 0 | |a Teoría del Actor-Red: más allá de los estudios de ciencia y tecnología |
| 250 | |a 1a. ed | ||
| 260 | |a Barcelona |b Amentia |c 2012 | ||
| 300 | |a 398 p | ||
| 583 | |a last modification |c 20191213 11:48:00 |k Rodrigo Vera | ||
| 650 | 0 | 0 | |a Filosofía de las ciencias |9 256466 |
| 650 | 0 | 7 | |a INNOVACIONES TECNOLOGICAS |2 CL-VaPUC |9 605453 |
| 650 | 0 | 0 | |a Epistemología |9 264994 |
| 942 | |c BK | ||
| 945 | |a dcastane |d 20191213 11:48:00 | ||
| 999 | |c 376341 |d 376339 | ||
| 952 | |0 0 |1 0 |2 ddc |3 erb |4 0 |6 501_000000000000000_TIR_2012 |7 0 |8 A |9 495730 |a BIBEDU |b BIBEDU |i 5611830 |o 501 TIR 2012 |p 5611830 |r 2020-01-06 |w 2020-01-06 |y BK |z Catalogado en:20191213 |k PSI | ||